World map of present-day landscapes : an explanatory note /

Guardado en:
Autor Principal: Milanova, Elena V.
Autores Corporativos: Programa de las Naciones Unidas para el Medio Ambiente., United Nations Environment Programme.
Otros Autores: Kushlin, Andrey V.
Formato: Libro
Idioma:English
Publicado: Moscow : Department of World Physical Geography and Geoecology, Moscow State University, 1993.
Etiquetas: Agregar Etiqueta
Sin Etiquetas, Sea el primero en etiquetar este registro!
LEADER 00722nam a22001815a 4500
001 EEA.libagro005103
005 20181004122857.0
008 130809s1993####RU############000#0#eng#d
082 0 4 |a 551.4 
082 0 4 |a 912.15514 
100 1 |a Milanova, Elena V. 
245 1 0 |a World map of present-day landscapes :  |b an explanatory note /  |c edited by Elena V. Milanova and Andrey V. Kushlin. 
260 |a Moscow :  |b Department of World Physical Geography and Geoecology, Moscow State University,  |c 1993. 
300 |a 33 p. ;  |c 29 cm. 
700 1 |a Kushlin, Andrey V. 
710 2 |a Programa de las Naciones Unidas para el Medio Ambiente. 
710 2 |a United Nations Environment Programme. 
859 |a AR-BbBCA  |b BIB. AGRONOMIA  |h C551.4  |i M637  |p 1995/2374